[Event "2022 Perth Chess Club Championship"]
[Site "Woodvale, Perth WA AUS"]
[Date "2022.04.13"]
[Round "1"]
[White "Hintz, Steven"]
[Black "Maggs, Derwent"]
[Result "0-1"]
[WhiteElo "1558"]
[BlackElo "2292"]
[PlyCount "62"]
[EventDate "2022.04.13"]
[EventType "swiss"]
[EventRounds "7"]
[EventCountry "AUS"]

1. d4 Nf6 2. c4 c5 3. Nf3 cxd4 4. Nxd4 e5 5. Nb3 b6 6. Bg5 Bb4+ 7. N1d2 Bb7 8.
a3 Be7 9. Qc2 d5 10. Bxf6 Bxf6 11. e4 d4 12. Bd3 Nd7 13. O-O Qc7 14. Nc1 a5 15.
Ne2 a4 16. h3 Bg5 17. Ng3 g6 18. Rfd1 Nc5 19. Ngf1 O-O 20. Nf3 Bh6 21. N3d2 Qc6
22. f3 Ba6 23. Rab1 Rfc8 24. g4 Nxd3 25. Qxd3 Bxc4 26. Nxc4 Qxc4 27. Qxc4 Rxc4
28. h4 Bf4 29. Rd3 Rac8 30. b3 Rc3 31. Rxc3 dxc3 0-1

[Event "2022 Perth Chess Club Championship"]
[Site "Woodvale, Perth WA AUS"]
[Date "2022.04.13"]
[Round "1"]
[White "Maris, Rob"]
[Black "Howard, Mark"]
[Result "1-0"]
[WhiteElo "2093"]
[BlackElo "1473"]
[PlyCount "67"]
[EventDate "2022.04.13"]
[EventType "swiss"]
[EventRounds "7"]
[EventCountry "AUS"]

1. c4 Nf6 2. Nf3 d6 3. d4 g6 4. Nc3 Bg7 5. g3 O-O 6. Bg2 c5 7. O-O cxd4 8. Nxd4
a6 9. b3 e5 10. Nc2 Nc6 11. Ba3 Re8 12. Qxd6 Qxd6 13. Bxd6 Bf5 14. Ne3 e4 15.
Rad1 Rad8 16. Bc7 Rc8 17. Ned5 Bg4 18. Rd2 Nxd5 19. Nxd5 Be6 20. Bb6 Bxd5 21.
Rxd5 Nb4 22. Rd7 Nxa2 23. f3 Nc3 24. fxe4 Nxe2+ 25. Kh1 f6 26. Re1 Nc3 27. Ba5
f5 28. Rxg7+ Kxg7 29. Bxc3+ Kg8 30. exf5 Rxe1+ 31. Bxe1 Re8 32. Bd5+ Kg7 33.
Bc3+ Kh6 34. f6 1-0

[Event "2022 Perth Chess Club Championship"]
[Site "Woodvale, Perth WA AUS"]
[Date "2022.04.13"]
[Round "1"]
[White "Leech, Martin"]
[Black "Saxon, Marc"]
[Result "0-1"]
[WhiteElo "1430"]
[BlackElo "1980"]
[PlyCount "74"]
[EventDate "2022.04.13"]
[EventType "swiss"]
[EventRounds "7"]
[EventCountry "AUS"]

1. e4 g6 2. d4 Bg7 3. Nf3 d6 4. c4 Nc6 5. Nc3 e5 6. d5 Nce7 7. Be2 f5 8. O-O
Nf6 9. Ng5 O-O 10. b4 h6 11. Ne6 Bxe6 12. dxe6 Ne8 13. Bb2 c6 14. Qb3 Qb6 15.
Rad1 Kh7 16. Na4 Qc7 17. Nc3 Rd8 18. Rfe1 Nf6 19. Bd3 Qc8 20. exf5 gxf5 21. c5
e4 22. Bc2 d5 23. Ne2 Qxe6 24. Nf4 Qf7 25. Qh3 Ng4 26. Bc1 Rg8 27. f3 Ne5 28.
fxe4 dxe4 29. Re3 Bf6 30. Nh5 Bg5 31. Ree1 Bxc1 32. Rxc1 Nf3+ 33. Kh1 Nxe1 34.
Rxe1 Qg6 35. Nf4 Qg4 36. Qxg4 Rxg4 37. Ne6 Rd2 0-1

[Event "2022 Perth Chess Club Championship"]
[Site "Woodvale, Perth WA AUS"]
[Date "2022.04.13"]
[Round "1"]
[White "Stortz, Robert"]
[Black "Walker, Colin"]
[Result "1-0"]
[WhiteElo "1904"]
[BlackElo "1425"]
[PlyCount "55"]
[EventDate "2022.04.13"]
[EventType "swiss"]
[EventRounds "7"]
[EventCountry "AUS"]

1. d4 e6 2. Bf4 d6 3. e3 Nf6 4. Nf3 a6 5. c4 Bd7 6. Nc3 Be7 7. Bd3 d5 8. c5 b6
9. b4 Nc6 10. a3 Nh5 11. Bg3 Nxg3 12. hxg3 b5 13. Ne5 Nxe5 14. dxe5 h6 15. Qg4
Bf8 16. Ne2 Qe7 17. Nd4 c6 18. a4 Rc8 19. axb5 axb5 20. Ra7 Kd8 21. O-O g6 22.
Rfa1 Bg7 23. f4 h5 24. Qe2 h4 25. g4 f6 26. Ra8 fxe5 27. Rxc8+ Kxc8 28. Qa2 1-0

[Event "2022 Perth Chess Club Championship"]
[Site "Woodvale, Perth WA AUS"]
[Date "2022.04.13"]
[Round "1"]
[White "Massam, Justin"]
[Black "Davoll, Josh"]
[Result "0-1"]
[WhiteElo "1424"]
[BlackElo "1847"]
[PlyCount "86"]
[EventDate "2022.04.13"]
[EventType "swiss"]
[EventRounds "7"]
[EventCountry "AUS"]

1. d4 d5 2. Nf3 Nf6 3. Bf4 e6 4. c3 Bd6 5. e3 O-O 6. Bd3 c5 7. Nbd2 Qc7 8. Bxd6
Qxd6 9. Ne5 b6 10. Ndf3 Bb7 11. Bc2 Ne4 12. O-O f6 13. Nd3 g5 14. Nd2 c4 15.
Nxe4 dxe4 16. Nc1 Nd7 17. Qg4 Rf7 18. Ne2 h5 19. Qg3 Qe7 20. h4 Rg7 21. Qc7 Bd5
22. hxg5 Rxg5 23. Ng3 Qg7 24. Qf4 f5 25. Bd1 Nf6 26. Qh4 Kf7 27. Kh2 Ng4+ 28.
Kh1 Rh8 29. f4 exf3 30. Bxf3 Nxe3 31. Rg1 Rxg3 32. Bxh5+ Rxh5 33. Qxh5+ Qg6 34.
Qh2 Nxg2 35. Rxg2 Rxg2 36. Qc7+ Kf8 37. Qb8+ Qe8 38. Qd6+ Kf7 39. Qxd5 exd5 40.
Kxg2 Qe2+ 41. Kg1 Qxb2 42. Rf1 Kf6 43. Rf2 Qxc3 0-1

[Event "2022 Perth Chess Club Championship"]
[Site "Woodvale, Perth WA AUS"]
[Date "2022.04.13"]
[Round "1"]
[White "Janceski, Alex"]
[Black "Hounsome, David"]
[Result "1-0"]
[WhiteElo "1845"]
[BlackElo "1378"]
[PlyCount "91"]
[EventDate "2022.04.13"]
[EventType "swiss"]
[EventRounds "7"]
[EventCountry "AUS"]

1. d4 d5 2. c4 e6 3. e3 Nf6 4. a3 b6 5. Nf3 Bb7 6. Nbd2 Nbd7 7. b4 c5 8. b5 a6
9. Bb2 axb5 10. cxd5 exd5 11. dxc5 bxc5 12. Bxb5 Bc8 13. O-O Be7 14. Rc1 O-O
15. h3 Ba6 16. Bxa6 Rxa6 17. Qc2 Qc7 18. e4 dxe4 19. Nxe4 Nxe4 20. Qxe4 Re6 21.
Qc2 Rc8 22. Rfe1 Rxe1+ 23. Rxe1 Bf6 24. Bxf6 Nxf6 25. Qc4 Qc6 26. Re7 Qd5 27.
Qe2 Rf8 28. Re5 Qd6 29. Nd2 Nd7 30. Nc4 Qc6 31. Re7 g6 32. Qd3 Nf6 33. f3 Re8
34. Ne5 Qc8 35. Qd6 Rxe7 36. Qxe7 Qe6 37. Qxc5 Nd5 38. Nd3 Qb6 39. Qxb6 Nxb6
40. Nc5 Kf8 41. a4 Na8 42. Kf2 Ke7 43. Ke3 Kd6 44. Ne4+ Kc6 45. Ng5 f5 46. Nxh7
1-0

[Event "2022 Perth Chess Club Championship"]
[Site "Woodvale, Perth WA AUS"]
[Date "2022.04.13"]
[Round "1"]
[White "Michael, Ashley"]
[Black "Plaganyi, Gyula"]
[Result "1-0"]
[WhiteElo "1334"]
[BlackElo "1843"]
[BlackTitle "CM"]
[PlyCount "133"]
[EventDate "2022.04.13"]
[EventType "swiss"]
[EventRounds "7"]
[EventCountry "AUS"]

1. e4 c5 2. d4 cxd4 3. c3 g6 4. cxd4 d5 5. e5 Nc6 6. Nc3 Bg7 7. Nf3 Bg4 8. Bb5
e6 9. Qa4 Nge7 10. Bg5 Qb6 11. Bxe7 Kxe7 12. Qa3+ Ke8 13. Bxc6+ Qxc6 14. Rc1
Bh6 15. Nd2 Bf8 16. Qb3 Bf5 17. Ne2 Qd7 18. O-O Rc8 19. Rxc8+ Qxc8 20. Qa4+ Qd7
21. Qxa7 Be7 22. Rc1 Kf8 23. Qb8+ Kg7 24. Qc7 Rd8 25. Ng3 Bd3 26. Nb3 Bc4 27.
Qxd7 Rxd7 28. Nf1 Bxb3 29. axb3 Bd8 30. Nd2 g5 31. g4 Bb6 32. Nf3 h6 33. Kf1 f6
34. Ke2 fxe5 35. Nxe5 Re7 36. Kd3 Kf6 37. h3 Bc7 38. Re1 Bd6 39. Re2 Rc7 40.
Re3 Kg7 41. Nf3 Kf6 42. Ne5 Kg7 43. Nf3 Re7 44. Ne5 Bxe5 45. Rxe5 Kf6 46. Ke3
Rc7 47. Kd2 Ke7 48. Re3 Kf6 49. Rf3+ Kg6 50. Rc3 Rf7 51. Ke3 h5 52. f3 hxg4 53.
hxg4 Kf6 54. Rc5 Rd7 55. Rb5 Rc7 56. Kd2 Rh7 57. Kd3 Rd7 58. Ke3 Ke7 59. f4 Kf6
60. Rb6 gxf4+ 61. Kxf4 Rg7 62. b4 Rc7 63. g5+ Kf7 64. Ke5 Kg6 65. Rxe6+ Kxg5
66. Kxd5 Rc2 67. Rb6 1-0

[Event "2022 Perth Chess Club Championship"]
[Site "Woodvale, Perth WA AUS"]
[Date "2022.04.13"]
[Round "1"]
[White "List, Ross"]
[Black "Brooke, John"]
[Result "1-0"]
[WhiteElo "1826"]
[BlackElo "1291"]
[PlyCount "55"]
[EventDate "2022.04.13"]
[EventType "swiss"]
[EventRounds "7"]
[EventCountry "AUS"]

1. e4 e5 2. Bc4 Nf6 3. d3 h6 4. Nc3 c6 5. Nf3 Bd6 6. d4 Qc7 7. dxe5 Bxe5 8.
Nxe5 Qxe5 9. O-O O-O 10. Qf3 d6 11. Bf4 Qc5 12. Qd3 Rd8 13. Be3 Qe5 14. f4 Qe7
15. f5 Nbd7 16. Bb3 Ne5 17. Qd2 b5 18. a3 Nc4 19. Bxc4 bxc4 20. Rae1 Bb7 21.
Bxh6 gxh6 22. Qxh6 Ne8 23. f6 Qe5 24. Rf5 Qd4+ 25. Kh1 Qe5 26. Rg5+ Qxg5 27.
Qxg5+ Kh7 28. Re3 1-0

[Event "2022 Perth Chess Club Championship"]
[Site "Woodvale, Perth WA AUS"]
[Date "2022.04.13"]
[Round "1"]
[White "Lanham, Bruce"]
[Black "Barry, David"]
[Result "0-1"]
[WhiteElo "1220"]
[BlackElo "1820"]
[PlyCount "86"]
[EventDate "2022.04.13"]
[EventType "swiss"]
[EventRounds "7"]
[EventCountry "AUS"]

1. d4 Nf6 2. Nf3 d5 3. g3 e6 4. Bg2 c5 5. c4 Nc6 6. Nc3 dxc4 7. Ne5 Nxe5 8.
dxe5 Qxd1+ 9. Kxd1 Ng4 10. Ke1 Nxe5 11. e4 Bd7 12. Ke2 b5 13. h3 b4 14. Nd1 Bb5
15. Ke3 O-O-O 16. f4 Nd3 17. Nf2 Be7 18. Rd1 Nxf2 19. Rxd8+ Rxd8 20. Kxf2 a5
21. Be3 Kc7 22. Rc1 a4 23. Bf1 Kb6 24. Be2 b3 25. a3 Bf6 26. e5 Be7 27. Bxc4
Bxc4 28. Rxc4 Kb5 29. Rc1 c4 30. Ke2 Bc5 31. Rc3 Bxa3 32. Bc1 Kb4 33. Re3 Bxb2
34. Bxb2 a3 35. Bc3+ Kb5 36. Kf3 b2 37. Bxb2 axb2 38. Re1 Rd3+ 39. Ke2 Rxg3 40.
Rb1 Ka4 41. f5 Kb3 42. f6 gxf6 43. exf6 Kc2 0-1

[Event "2022 Perth Chess Club Championship"]
[Site "Woodvale, Perth WA AUS"]
[Date "2022.04.13"]
[Round "1"]
[White "Hernandez Mendez, Iker"]
[Black "Powell, Darren"]
[Result "1-0"]
[WhiteElo "1785"]
[BlackElo "1210"]
[PlyCount "57"]
[EventDate "2022.04.13"]
[EventType "swiss"]
[EventRounds "7"]
[EventCountry "AUS"]

1. e4 e5 2. Nf3 Nc6 3. Bb5 Nge7 4. O-O d6 5. h3 Bd7 6. c3 a6 7. Ba4 Ng6 8. d4
b5 9. Bc2 h6 10. Be3 Na5 11. Nbd2 c5 12. b4 Nb7 13. a4 Qf6 14. bxc5 dxc5 15.
Nb3 Rc8 16. dxe5 Nxe5 17. Nxe5 Qxe5 18. Qd2 Qf6 19. e5 Qc6 20. Qe2 c4 21. Nd4
Qc7 22. axb5 axb5 23. e6 Bxe6 24. Nxe6 fxe6 25. Qh5+ Ke7 26. Bg5+ Kd7 27. Rfd1+
Nd6 28. Ra7 Qxa7 29. Qf7+ 1-0

[Event "2022 Perth Chess Club Championship"]
[Site "Woodvale, Perth WA AUS"]
[Date "2022.04.13"]
[Round "1"]
[White "Young, Manfred"]
[Black "Shaw, Robin"]
[Result "0-1"]
[WhiteElo "1127"]
[BlackElo "1744"]
[PlyCount "56"]
[EventDate "2022.04.13"]
[EventType "swiss"]
[EventRounds "7"]
[EventCountry "AUS"]

1. d4 f5 2. Bf4 Nf6 3. Nc3 d6 4. e3 g6 5. Bd3 Bg7 6. Nf3 Nc6 7. O-O Nh5 8. Bb5
a6 9. Ba4 b5 10. Bb3 Na5 11. Ng5 Nxb3 12. cxb3 h6 13. Nf3 Nxf4 14. exf4 O-O 15.
Rc1 Bb7 16. Re1 b4 17. Nb1 Rc8 18. Qe2 Bf6 19. Qc4+ Kg7 20. Re3 c5 21. Qe6 cxd4
22. Rxc8 Qxc8 23. Qxc8 Rxc8 24. Re1 Bxf3 25. gxf3 Rc2 26. Rd1 Rxb2 27. a3 Rxb3
28. Kg2 bxa3 0-1

[Event "2022 Perth Chess Club Championship"]
[Site "Woodvale, Perth WA AUS"]
[Date "2022.04.13"]
[Round "1"]
[White "Clarke, Daniel"]
[Black "Markou, Victor"]
[Result "1-0"]
[WhiteElo "1739"]
[BlackElo "1108"]
[PlyCount "43"]
[EventDate "2022.04.13"]
[EventType "swiss"]
[EventRounds "7"]
[EventCountry "AUS"]

1. e4 e5 2. Nf3 d6 3. d4 Nd7 4. Nc3 g6 5. dxe5 dxe5 6. Bc4 Bg7 7. Ng5 Nh6 8.
Be3 O-O 9. f3 a6 10. Qd2 b5 11. Bd5 Nb6 12. Bxb6 Rb8 13. Ba7 Bb7 14. Bxb8 Qxb8
15. O-O-O c6 16. Bb3 c5 17. Bd5 Rd8 18. Nxf7 Nxf7 19. Bxf7+ Kxf7 20. Qxd8 Bh6+
21. Kb1 Qc8 22. Rd7+ 1-0

[Event "2022 Perth Chess Club Championship"]
[Site "Woodvale, Perth WA AUS"]
[Date "2022.04.13"]
[Round "1"]
[White "Frankland, David"]
[Black "Tomic, Nedeljko"]
[Result "0-1"]
[WhiteElo "1003"]
[BlackElo "1732"]
[PlyCount "92"]
[EventDate "2022.04.13"]
[EventType "swiss"]
[EventRounds "7"]
[EventCountry "AUS"]

1. e4 e5 2. a3 Be7 3. Nf3 d6 4. h3 Be6 5. Nc3 Nd7 6. d3 Ngf6 7. Be2 c6 8. Ng5
O-O 9. Bg4 Nxg4 10. Nxe6 Nxf2 11. Nxd8 Nxd1 12. Kxd1 Raxd8 13. Be3 b6 14. Ke2
f5 15. exf5 d5 16. Bd2 Rxf5 17. g4 Rf7 18. Raf1 Nc5 19. Rxf7 Kxf7 20. Rf1+ Kg6
21. Rf5 e4 22. d4 Nd7 23. Nd1 Rf8 24. Ne3 Rxf5 25. Nxf5 Bf8 26. h4 Nf6 27. Ne3
h5 28. g5 Ng4 29. Ng2 Bd6 30. Bf4 Be7 31. Bb8 Kf5 32. Bxa7 Bd8 33. Bb8 c5 34.
dxc5 bxc5 35. Bd6 Bb6 36. b3 Ne5 37. Bxe5 Kxe5 38. c3 d4 39. c4 Ba5 40. Kd1 e3
41. Ke2 Ke4 42. g6 d3+ 43. Kd1 e2+ 44. Kc1 d2+ 45. Kc2 d1=Q+ 46. Kb2 Qd2+ 0-1

[Event "2022 Perth Chess Club Championship"]
[Site "Woodvale, Perth WA AUS"]
[Date "2022.04.13"]
[Round "1"]
[White "Gough, Dylan"]
[Black "Kwenda, Ridge"]
[Result "1-0"]
[WhiteElo "1670"]
[BlackElo "913"]
[PlyCount "69"]
[EventDate "2022.04.13"]
[EventType "swiss"]
[EventRounds "7"]
[EventCountry "AUS"]

1. d4 d5 2. c4 dxc4 3. Nc3 e6 4. e3 Nc6 5. Bxc4 Bb4 6. Nge2 Nf6 7. O-O O-O 8.
a3 Bd6 9. e4 e5 10. h3 b6 11. Bg5 h6 12. Bh4 Bb7 13. d5 Na5 14. Bd3 c6 15. b4
g5 16. Bg3 cxd5 17. exd5 Nxd5 18. bxa5 f5 19. Bc4 Kg7 20. Bxd5 Bxd5 21. Qxd5 f4
22. Bh2 Qe7 23. Qe4 Bxa3 24. Nd5 Qd6 25. Nec3 Bc5 26. Rad1 Bd4 27. Nb5 Qc6 28.
Nxd4 exd4 29. Qxd4+ Kh7 30. Rc1 Qd6 31. Rc7+ Kg6 32. Ne7+ Qxe7 33. Rxe7 Rad8
34. Re6+ Kf5 35. Qe5# 1-0

[Event "2022 Perth Chess Club Championship"]
[Site "Woodvale, Perth WA AUS"]
[Date "2022.04.13"]
[Round "1"]
[White "Bhatia, Abhay"]
[Black "Rennie, Mike"]
[Result "1-0"]
[WhiteElo "1612"]
[BlackElo "818"]
[PlyCount "83"]
[EventDate "2022.04.13"]
[EventType "swiss"]
[EventRounds "7"]
[EventCountry "AUS"]

1. d4 d5 2. Nf3 Nc6 3. e3 Bg4 4. c4 Bxf3 5. Qxf3 Nf6 6. Nc3 e6 7. cxd5 Nb4 8.
Bb5+ c6 9. Ba4 Nfxd5 10. Nxd5 exd5 11. O-O b5 12. Bb3 Nd3 13. e4 Nxc1 14. Raxc1
Qf6 15. Qe3 O-O-O 16. exd5 Rd6 17. Rc2 Be7 18. Rfc1 Kb7 19. Rxc6 Rxc6 20. Rxc6
Bd6 21. a4 Rc8 22. axb5 Qf5 23. Bc2 Qxd5 24. Be4 Qxb5 25. Rc5+ Kb6 26. Rxb5+
Kxb5 27. Qb3+ Bb4 28. Bd3+ Ka5 29. Qd5+ Kb6 30. Qb5+ Kc7 31. Qxb4 Kd7 32. Bf5+
Kd8 33. Qf8+ Kc7 34. Qxc8+ Kb6 35. d5 a5 36. d6 g6 37. Be4 Kb5 38. d7 f5 39.
Bd3+ Kb4 40. d8=Q Kb3 41. Qc3+ Ka2 42. Qa3# 1-0

[Event "2022 Perth Chess Club Championship"]
[Site "Woodvale, Perth WA AUS"]
[Date "2022.04.13"]
[Round "1"]
[White "Gough, Sebastian"]
[Black "Garang, Kuol Awan"]
[Result "0-1"]
[WhiteElo "668"]
[BlackElo "1594"]
[PlyCount "64"]
[EventDate "2022.04.13"]
[EventType "swiss"]
[EventRounds "7"]
[EventCountry "AUS"]

1. d4 e5 2. dxe5 Bc5 3. e3 Nc6 4. Bc4 Nxe5 5. Bb3 Nf6 6. f4 Neg4 7. Qe2 Qe7 8.
h3 Nxe3 9. Bxe3 Qxe3 10. Qxe3+ Bxe3 11. Ne2 O-O 12. Rf1 Re8 13. Nbc3 c6 14. Rf3
d5 15. Nd1 Bb6 16. g4 Nxg4 17. hxg4 Bxg4 18. Rg3 Bxe2 19. Nc3 Ba6+ 20. Kd1 Bf2
21. Rg2 Bh4 22. Rg4 Re1+ 23. Kd2 Rxa1 24. Rxh4 Rf1 25. Ne2 Rf2 26. c4 Re8 27.
cxd5 Rexe2+ 28. Kc3 Rf3+ 29. Kb4 Re4+ 30. Ka3 c5 31. d6 Bb5 32. Rh5 Ra4# 0-1

[Event "2022 Perth Chess Club Championship"]
[Site "Woodvale, Perth WA AUS"]
[Date "2022.04.20"]
[Round "2"]
[White "Maggs, Derwent"]
[Black "Hernandez Mendez, Iker"]
[Result "1-0"]
[WhiteElo "2292"]
[BlackElo "1785"]
[PlyCount "85"]
[EventDate "2022.04.13"]
[EventType "swiss"]
[EventRounds "7"]
[EventCountry "AUS"]

1. d4 Nf6 2. c4 c5 3. d5 e6 4. Nc3 exd5 5. cxd5 d6 6. Nf3 g6 7. Bf4 Bg7 8. Qa4+
Bd7 9. Qb3 Qc7 10. h3 O-O 11. Nd2 Re8 12. e3 a6 13. a4 Bf5 14. g4 Bxg4 15. hxg4
Nxg4 16. Nc4 Ne5 17. Bxe5 Bxe5 18. Bh3 f5 19. Nb6 c4 20. Nxa8 Qd8 21. Qxc4 Re7
22. a5 Nd7 23. Nc7 Qc8 24. Na4 Nf8 25. Rc1 Qd8 26. Kf1 Bf6 27. Bg2 Bg7 28. b4
Bf6 29. Nb6 Bb2 30. Rc2 Bf6 31. Ne6 Nxe6 32. dxe6 Kg7 33. Bd5 h5 34. Qf4 Rc7
35. Rxc7+ Qxc7 36. Qc4 Qe7 37. Qc8 Kh6 38. Qxb7 Qe8 39. Qd7 Qf8 40. Nc8 Qh8 41.
Nxd6 Qg7 42. Qxg7+ Kxg7 43. Ne8+ 1-0

[Event "2022 Perth Chess Club Championship"]
[Site "Woodvale, Perth WA AUS"]
[Date "2022.04.20"]
[Round "2"]
[White "Shaw, Robin"]
[Black "Maris, Rob"]
[Result "0-1"]
[WhiteElo "1744"]
[BlackElo "2093"]
[PlyCount "52"]
[EventDate "2022.04.13"]
[EventType "swiss"]
[EventRounds "7"]
[EventCountry "AUS"]

1. f4 d5 2. Nf3 c5 3. e3 Nc6 4. c3 a6 5. d4 e6 6. Nbd2 Nf6 7. a4 b6 8. Bd3 Bb7
9. O-O Bd6 10. Ne5 Qc7 11. Qe2 c4 12. Bc2 Na5 13. g4 O-O-O 14. g5 Ne8 15. Qg4
Kb8 16. Nxf7 Qxf7 17. f5 exf5 18. Bxf5 Qc7 19. Nf3 Nb3 20. Rb1 g6 21. Bc2 Bc8
22. Qg2 Ng7 23. e4 dxe4 24. Bxe4 Rde8 25. Ne5 Bxe5 26. dxe5 Nxc1 0-1

[Event "2022 Perth Chess Club Championship"]
[Site "Woodvale, Perth WA AUS"]
[Date "2022.04.20"]
[Round "2"]
[White "Saxon, Marc"]
[Black "Clarke, Daniel"]
[Result "1-0"]
[WhiteElo "1980"]
[BlackElo "1739"]
[PlyCount "73"]
[EventDate "2022.04.13"]
[EventType "swiss"]
[EventRounds "7"]
[EventCountry "AUS"]

1. e4 e5 2. Nf3 Nc6 3. Bb5 a6 4. Ba4 Nf6 5. O-O Nxe4 6. d4 b5 7. Bb3 d5 8. dxe5
Be6 9. Be3 Bc5 10. Qe2 f6 11. exf6 Qxf6 12. Bxc5 Nxc5 13. Bxd5 O-O 14. Bxe6+
Nxe6 15. Nc3 Ned4 16. Nxd4 Nxd4 17. Qg4 c5 18. Ne4 Qh6 19. Qg5 Qxg5 20. Nxg5
Nxc2 21. Rac1 Nb4 22. Rxc5 Nxa2 23. Rc7 h6 24. Nf3 Rf7 25. Rc5 Re7 26. Rd1 Re2
27. Rd7 Rae8 28. g3 Rf8 29. Kg2 g5 30. Rcc7 Rfe8 31. Nd4 R2e5 32. Rg7+ Kh8 33.
Rgf7 Nb4 34. Nf5 Nd5 35. Rh7+ Kg8 36. Rcg7+ Kf8 37. Rh8# 1-0

[Event "2022 Perth Chess Club Championship"]
[Site "Woodvale, Perth WA AUS"]
[Date "2022.04.20"]
[Round "2"]
[White "Tomic, Nedeljko"]
[Black "Stortz, Robert"]
[Result "0-1"]
[WhiteElo "1732"]
[BlackElo "1904"]
[PlyCount "120"]
[EventDate "2022.04.13"]
[EventType "swiss"]
[EventRounds "7"]
[EventCountry "AUS"]

1. Nf3 d5 2. c4 c6 3. e3 e6 4. Nc3 Nf6 5. d4 Nbd7 6. Bd2 Bd6 7. Qc2 O-O 8. Be2
dxc4 9. Bxc4 b5 10. Bd3 a6 11. Ne4 Qc7 12. a3 Re8 13. O-O Bb7 14. Nxd6 Qxd6 15.
Bb4 Qc7 16. Rac1 Rac8 17. Bc3 c5 18. Ne5 c4 19. Nxd7 Qxd7 20. Be2 Ne4 21. f4
Nxc3 22. bxc3 Bd5 23. Ra1 Qc6 24. Bd1 Rb8 25. Qf2 Be4 26. Re1 Bd3 27. Ra2 Rb6
28. Bf3 Be4 29. Rd1 Bxf3 30. Qxf3 Qxf3 31. gxf3 Kf8 32. e4 Ke7 33. Kf2 a5 34.
Rb2 Reb8 35. Rdb1 Kd6 36. Ke3 Kc6 37. Rg1 g6 38. Rgb1 h6 39. f5 exf5 40. exf5
Re8+ 41. Kf4 g5+ 42. Kg4 f6 43. d5+ Kc5 44. h4 Re5 45. hxg5 hxg5 46. Rd2 Rxd5
47. Rxd5+ Kxd5 48. f4 gxf4 49. Kxf4 Kc5 50. Re1 b4 51. axb4+ axb4 52. cxb4+
Rxb4 53. Re6 Rb6 54. Re1 c3 55. Kf3 Kc4 56. Re4+ Kc5 57. Re3 Kd4 58. Re4+ Kc5
59. Re3 Rb3 60. Re1 c2+ 0-1

[Event "2022 Perth Chess Club Championship"]
[Site "Woodvale, Perth WA AUS"]
[Date "2022.04.20"]
[Round "2"]
[White "Davoll, Josh"]
[Black "Gough, Dylan"]
[Result "1-0"]
[WhiteElo "1847"]
[BlackElo "1670"]
[PlyCount "47"]
[EventDate "2022.04.13"]
[EventType "swiss"]
[EventRounds "7"]
[EventCountry "AUS"]

1. e4 e6 2. d4 d5 3. Nd2 c5 4. Ngf3 cxd4 5. Nxd4 Bc5 6. N2b3 Bb6 7. Bb5+ Bd7 8.
Bxd7+ Qxd7 9. Qg4 g6 10. exd5 Qxd5 11. Be3 Qe5 12. O-O-O Nf6 13. Qf3 Nd5 14.
Rhe1 Qc7 15. Nxe6 fxe6 16. Rxd5 Qf7 17. Bxb6 Qxf3 18. gxf3 axb6 19. Rxe6+ Kf7
20. Rxb6 Kg7 21. Rxb7+ Kh6 22. a3 Ra4 23. Nd4 Rc4 24. b3 1-0

[Event "2022 Perth Chess Club Championship"]
[Site "Woodvale, Perth WA AUS"]
[Date "2022.04.20"]
[Round "2"]
[White "Bhatia, Abhay"]
[Black "Janceski, Alex"]
[Result "0-1"]
[WhiteElo "1612"]
[BlackElo "1845"]
[PlyCount "98"]
[EventDate "2022.04.13"]
[EventType "swiss"]
[EventRounds "7"]
[EventCountry "AUS"]

1. e4 c5 2. Nf3 e6 3. d4 cxd4 4. Nxd4 a6 5. Nc3 b5 6. g3 Bb7 7. Bg2 Qc7 8. O-O
d6 9. a3 Nd7 10. Be3 Ngf6 11. Re1 Be7 12. Rc1 O-O 13. h3 h6 14. Qd2 Ne5 15. b3
Rac8 16. Nde2 Rfd8 17. Ra1 Ng6 18. Rec1 d5 19. exd5 Nxd5 20. Nxd5 Bxd5 21. Bxd5
Rxd5 22. Qe1 Bf6 23. Ra2 Ne5 24. Qf1 Qd7 25. Nf4 Rd6 26. Qe2 Qb7 27. Ng2 Rcd8
28. c3 Nf3+ 29. Kh1 Rd3 30. Bd4 Nxd4 31. Qxd3 Nxb3 32. Qc2 Nxc1 33. Qxc1 Qf3
34. Rd2 Rxd2 35. Qxd2 Qxc3 36. Qd6 a5 37. Qb8+ Kh7 38. Qxb5 Qxa3 39. Qb7 Be7
40. Qe4+ g6 41. Qf4 Kg7 42. h4 Qb4 43. Qe5+ Bf6 44. Qe2 a4 45. Ne3 a3 46. Ng4
h5 47. Nxf6 Kxf6 48. Qf3+ Kg7 49. Qe2 Qb2 0-1

[Event "2022 Perth Chess Club Championship"]
[Site "Woodvale, Perth WA AUS"]
[Date "2022.04.20"]
[Round "2"]
[White "Garang, Kuol Awan"]
[Black "List, Ross"]
[Result "1-0"]
[WhiteElo "1594"]
[BlackElo "1826"]
[PlyCount "115"]
[EventDate "2022.04.13"]
[EventType "swiss"]
[EventRounds "7"]
[EventCountry "AUS"]

1. e4 e6 2. d4 d5 3. e5 c5 4. Bb5+ Nc6 5. c3 Qb6 6. Ba4 Bd7 7. Nf3 Nge7 8. Na3
cxd4 9. cxd4 Nf5 10. Bxc6 Bxc6 11. Nc2 Bb5 12. Bd2 Be7 13. Bc3 a5 14. Ng1 h5
15. Ne2 Qa6 16. g3 Bd8 17. b3 Qc6 18. Bb2 Bg5 19. f4 Be7 20. a4 Ba6 21. Rc1 Qb6
22. Na1 O-O 23. Kf2 Rac8 24. Qd2 Bb4 25. Bc3 Bxc3 26. Rxc3 Bxe2 27. Kxe2 Qxd4
28. Qxd4 Nxd4+ 29. Kd3 Rxc3+ 30. Kxc3 Nc6 31. Nc2 f6 32. Nd4 Nxd4 33. Kxd4 Rc8
34. h3 f5 35. Re1 Kf7 36. Re3 Ke7 37. Rd3 Rc1 38. Ke3 Kd7 39. Kd4 Kc6 40. Ke3
b5 41. Kd2 Rc5 42. Ke3 bxa4 43. bxa4 Rc4 44. Ra3 Kc5 45. Ra1 d4+ 46. Kf3 Rc3+
47. Kf2 Kc4 48. Rb1 Rc2+ 49. Kf3 d3 50. Rb6 Kc3 51. Rxe6 Kd2 52. Rd6 Rc3 53. e6
Kc1 54. e7 d2+ 55. Ke2 Rc8 56. Rd8 d1=Q+ 57. Rxd1+ Kc2 58. Rd8 1-0

[Event "2022 Perth Chess Club Championship"]
[Site "Woodvale, Perth WA AUS"]
[Date "2022.04.20"]
[Round "2"]
[White "Barry, David"]
[Black "Michael, Ashley"]
[Result "1-0"]
[WhiteElo "1820"]
[BlackElo "1334"]
[PlyCount "53"]
[EventDate "2022.04.13"]
[EventType "swiss"]
[EventRounds "7"]
[EventCountry "AUS"]

1. e4 e5 2. Nf3 Nc6 3. Bb5 f5 4. d3 fxe4 5. dxe4 Nf6 6. Nc3 Bc5 7. Bc4 h6 8.
O-O d6 9. h3 Qe7 10. Nd5 Nxd5 11. Bxd5 Bd7 12. c3 O-O-O 13. b4 Bb6 14. a4 a5
15. bxa5 Bxa5 16. Qb3 Rhf8 17. Be3 Bxh3 18. Rfb1 Bb6 19. a5 Nxa5 20. Rxa5 c6
21. Qxb6 cxd5 22. Ra8+ Kd7 23. Rxd8+ Qxd8 24. Qxd8+ Kxd8 25. Rxb7 dxe4 26. Nxe5
Bxg2 27. Nf7+ 1-0

[Event "2022 Perth Chess Club Championship"]
[Site "Woodvale, Perth WA AUS"]
[Date "2022.04.20"]
[Round "2"]
[White "Plaganyi, Gyula"]
[Black "De Vas, Senudi"]
[Result "1-0"]
[WhiteElo "1843"]
[WhiteTitle "CM"]
[BlackElo "993"]
[PlyCount "65"]
[EventDate "2022.04.13"]
[EventType "swiss"]
[EventRounds "7"]
[EventCountry "AUS"]

1. c4 e6 2. g3 d5 3. Bg2 dxc4 4. Qa4+ Nd7 5. Nf3 Ngf6 6. O-O Bd6 7. Qxc4 Nb6 8.
Qc2 O-O 9. Nc3 e5 10. d3 Bf5 11. Nh4 Be6 12. Bxb7 Rb8 13. Bg2 Nbd5 14. Bd2 Nxc3
15. bxc3 Bd5 16. e4 Bb7 17. Rab1 Re8 18. Rb3 Qd7 19. Rfb1 Qa4 20. Qb2 Nd7 21.
Be3 Ba6 22. c4 Ba3 23. Qc3 h6 24. Bh3 Rf8 25. Bxd7 Qxd7 26. Rxb8 Rxb8 27. Rxb8+
Bf8 28. Bc5 Bc8 29. Bxf8 Kxf8 30. Qb4+ Kg8 31. Qb7 Qa4 32. Qxc8+ Kh7 33. Qh8#
1-0